000 00466nam a2200181 i 4500
001 bg
100 1 _aMEYER, V.
245 1 0 _aTerapia behawioralna w psychiatrii klinicznej /
_cV. Meyer i Edward S. Chesser.
260 _aWarszawa :
_bPZWL,
_c1973.
650 9 _aPsychiatria
650 9 _aBehawioryzm
700 1 _aCHESSER, Edward S.
040 _cBPK
041 1 _apol
_heng
080 _a616.89-08
942 _cKS
008 s pl f |000 0 pol
999 _c10621
_d10621
856 _uhttp://koha.tu.koszalin.pl/cgi-bin/koha/opac-detail.pl?biblionumber=10621
_yKatalog online BPK